<?xml version="1.0" encoding="UTF-8"?>
<record
    xmlns:xsi="http://www.w3.org/2001/XMLSchema-instance"
    xsi:schemaLocation="http://www.loc.gov/MARC21/slim http://www.loc.gov/standards/marcxml/schema/MARC21slim.xsd"
    xmlns="http://www.loc.gov/MARC21/slim">

  <leader>00524nam a22001697a 4500</leader>
  <datafield tag="020" ind1=" " ind2=" ">
    <subfield code="a">9786010405196</subfield>
  </datafield>
  <datafield tag="082" ind1=" " ind2=" ">
    <subfield code="a">658.3009584</subfield>
    <subfield code="b">DOS</subfield>
  </datafield>
  <datafield tag="100" ind1=" " ind2=" ">
    <subfield code="a">Dossova, S. N, B.K.Kambarov</subfield>
  </datafield>
  <datafield tag="245" ind1=" " ind2=" ">
    <subfield code="a">Human Resources Management Policies and Practices in Kazakhstan/</subfield>
    <subfield code="c">S. N,Dossova and B.K.Kambarov</subfield>
  </datafield>
  <datafield tag="260" ind1=" " ind2=" ">
    <subfield code="a">Almaty:</subfield>
    <subfield code="b">Kazakh university press;</subfield>
    <subfield code="c">2014.</subfield>
  </datafield>
  <datafield tag="300" ind1=" " ind2=" ">
    <subfield code="a">223p.</subfield>
  </datafield>
  <datafield tag="504" ind1=" " ind2=" ">
    <subfield code="a">Kazakh Language</subfield>
  </datafield>
  <datafield tag="563" ind1=" " ind2=" ">
    <subfield code="a">PB</subfield>
  </datafield>
  <datafield tag="650" ind1=" " ind2=" ">
    <subfield code="a">Human resource management</subfield>
    <subfield code="9">64173</subfield>
  </datafield>
  <datafield tag="650" ind1=" " ind2=" ">
    <subfield code="a">Personnel management</subfield>
  </datafield>
  <datafield tag="942" ind1=" " ind2=" ">
    <subfield code="2">ddc</subfield>
    <subfield code="c">BK</subfield>
  </datafield>
  <datafield tag="999" ind1=" " ind2=" ">
    <subfield code="c">616655</subfield>
    <subfield code="d">616655</subfield>
  </datafield>
  <datafield tag="952" ind1=" " ind2=" ">
    <subfield code="0">0</subfield>
    <subfield code="1">0</subfield>
    <subfield code="2">ddc</subfield>
    <subfield code="3">Satbayev Centre</subfield>
    <subfield code="4">0</subfield>
    <subfield code="6">658_300958400000000_DOS</subfield>
    <subfield code="7">0</subfield>
    <subfield code="9">645658</subfield>
    <subfield code="a">CL</subfield>
    <subfield code="b">CL</subfield>
    <subfield code="d">2026-03-12</subfield>
    <subfield code="f">Satbayev C</subfield>
    <subfield code="l">0</subfield>
    <subfield code="o">658.3009584 DOS</subfield>
    <subfield code="p">CL-D-3242</subfield>
    <subfield code="r">2026-03-12</subfield>
    <subfield code="w">2026-03-12</subfield>
    <subfield code="y">BK</subfield>
    <subfield code="z">Satbayev Centre</subfield>
  </datafield>
  <datafield tag="952" ind1=" " ind2=" ">
    <subfield code="0">0</subfield>
    <subfield code="1">0</subfield>
    <subfield code="2">ddc</subfield>
    <subfield code="3">Satbayev Centre</subfield>
    <subfield code="4">0</subfield>
    <subfield code="6">658_300958400000000_DOS</subfield>
    <subfield code="7">0</subfield>
    <subfield code="9">645659</subfield>
    <subfield code="a">CL</subfield>
    <subfield code="b">CL</subfield>
    <subfield code="d">2026-03-12</subfield>
    <subfield code="f">Satbayev C</subfield>
    <subfield code="l">0</subfield>
    <subfield code="o">658.3009584 DOS</subfield>
    <subfield code="p">CL-D-3241</subfield>
    <subfield code="r">2026-03-12</subfield>
    <subfield code="w">2026-03-12</subfield>
    <subfield code="y">BK</subfield>
    <subfield code="z">Satbayev Centre</subfield>
  </datafield>
  <datafield tag="952" ind1=" " ind2=" ">
    <subfield code="0">0</subfield>
    <subfield code="1">0</subfield>
    <subfield code="2">ddc</subfield>
    <subfield code="3">Satbayev Centre</subfield>
    <subfield code="4">0</subfield>
    <subfield code="6">658_300958400000000_DOS</subfield>
    <subfield code="7">0</subfield>
    <subfield code="9">645660</subfield>
    <subfield code="a">CL</subfield>
    <subfield code="b">CL</subfield>
    <subfield code="d">2026-03-12</subfield>
    <subfield code="f">Satbayev C</subfield>
    <subfield code="l">0</subfield>
    <subfield code="o">658.3009584 DOS</subfield>
    <subfield code="p">CL-D-3240</subfield>
    <subfield code="r">2026-03-12</subfield>
    <subfield code="w">2026-03-12</subfield>
    <subfield code="y">BK</subfield>
    <subfield code="z">Satbayev Centre</subfield>
  </datafield>
  <datafield tag="952" ind1=" " ind2=" ">
    <subfield code="0">0</subfield>
    <subfield code="1">0</subfield>
    <subfield code="2">ddc</subfield>
    <subfield code="3">Satbayev Centre</subfield>
    <subfield code="4">0</subfield>
    <subfield code="6">658_300958400000000_DOS</subfield>
    <subfield code="7">0</subfield>
    <subfield code="9">645661</subfield>
    <subfield code="a">CL</subfield>
    <subfield code="b">CL</subfield>
    <subfield code="d">2026-03-12</subfield>
    <subfield code="f">Satbayev C</subfield>
    <subfield code="l">0</subfield>
    <subfield code="o">658.3009584 DOS</subfield>
    <subfield code="p">CL-D-3239</subfield>
    <subfield code="r">2026-03-12</subfield>
    <subfield code="w">2026-03-12</subfield>
    <subfield code="y">BK</subfield>
    <subfield code="z">Satbayev Centre</subfield>
  </datafield>
  <datafield tag="952" ind1=" " ind2=" ">
    <subfield code="0">0</subfield>
    <subfield code="1">0</subfield>
    <subfield code="2">ddc</subfield>
    <subfield code="3">Satbayev Centre</subfield>
    <subfield code="4">0</subfield>
    <subfield code="6">658_300958400000000_DOS</subfield>
    <subfield code="7">0</subfield>
    <subfield code="9">645662</subfield>
    <subfield code="a">CL</subfield>
    <subfield code="b">CL</subfield>
    <subfield code="d">2026-03-12</subfield>
    <subfield code="f">Satbayev C</subfield>
    <subfield code="l">0</subfield>
    <subfield code="o">658.3009584 DOS</subfield>
    <subfield code="p">CL-D-3238</subfield>
    <subfield code="r">2026-03-12</subfield>
    <subfield code="w">2026-03-12</subfield>
    <subfield code="y">BK</subfield>
    <subfield code="z">Satbayev Centre</subfield>
  </datafield>
</record>
